Introduction to the foundations of mathematics
Αποθηκεύτηκε σε:
| Κύριος συγγραφέας: | |
|---|---|
| Μορφή: | Βιβλίο |
| Γλώσσα: | Αγγλικά |
| Έκδοση: |
New York
John Wiley & Sons
1965
|
| Έκδοση: | 2nd. ed |
| Θέματα: | |
| Ετικέτες: |
Προσθήκη ετικέτας
Δεν υπάρχουν, Καταχωρήστε ετικέτα πρώτοι!
|
MARC
| LEADER | 00000nam a2200000 a 4500 | ||
|---|---|---|---|
| 001 | UCQ8260 | ||
| 003 | CL-VaPUC | ||
| 005 | 20240819115755.0 | ||
| 008 | 981209e19650000US |||||||||||||||||eng|d | ||
| 999 | |c 277545 |d 277543 | ||
| 040 | |c Pontificia Universidad Católica de Valparaíso | ||
| 082 | 0 | 4 | |a 510 WIL 1965 |2 21 |
| 100 | 0 | |a Wilder, Raymond L |9 422107 | |
| 245 | 1 | 0 | |a Introduction to the foundations of mathematics |
| 250 | |a 2nd. ed | ||
| 260 | |a New York |b John Wiley & Sons |c 1965 | ||
| 300 | |a 327 páginas | ||
| 583 | |a last modification |c 19981209 00:00:00 |k Rodrigo Vera | ||
| 650 | 0 | |a Matemática |9 260235 | |
| 650 | 7 | |a METODOS MATEMATICOS |2 CL-VaPUC |9 354952 | |
| 650 | 7 | |a METODO AXIOMATICO |2 CL-VaPUC |9 422108 | |
| 650 | 0 | |a Teoría de conjuntos |9 265668 | |
| 650 | 0 | |a Teoría de números |9 265327 | |
| 650 | 0 | |a Sistemas numéricos |9 421917 | |
| 650 | 7 | |a INTUICIONISMO |2 CL-VaPUC |9 348219 | |
| 650 | 0 | |a Lógica matemática |9 262442 | |
| 942 | |c BK |2 ddc | ||
| 945 | |d 19981209 00:00:00 |a crobeson | ||
| 952 | |0 0 |1 0 |2 ddc |4 0 |6 510_000000000000000_WIL_1965 |7 0 |8 A |9 315538 |a BIBMAT |b BIBMAT |d 2019-11-20 |i 1300229 |o 510 WIL 1965 |p 1300229 |r 2025-01-07 |t 1 |w 2019-11-20 |y BK |k MAT | ||
| 952 | |0 0 |1 0 |2 ddc |4 0 |6 510_000000000000000_WIL_1965 |7 0 |8 A |9 562159 |a BIBMAT |b BIBMAT |d 2020-03-27 |i 5618207 |o 510 WIL 1965 |p 5618207 |r 2025-01-07 |t 2 |w 2020-03-27 |y BK |k MAT | ||